Guess The American Brands! #6 - Statistics

General Stats
  • This quiz has been taken 51 times
  • The average score is 13 of 20
Answer Stats
Picture Answer % Correct
Netflix
100%
Doritos
96%
Dell
88%
Safari
88%
Play Doh
83%
Cartoon Network
79%
HP
77%
MTV
75%
WiFi
71%
United Nations
69%
General Electric
65%
Unicef
60%
Kleenex
58%
Bing
54%
Nascar
52%
THQ
44%
Napster
42%
Sears
35%
AOL
33%
United Airlines
33%
No matching quizzes found
Score Distribution
Percent of People with Each Score
Percentile by Number Answered
Your Score History
You have not taken this quiz